| 000 | 01462njm a2200313 i 4500 | ||
|---|---|---|---|
| 001 | 5009 | ||
| 003 | ES-MaACL | ||
| 005 | 20250814063207.0 | ||
| 007 | s|r||||||||||| | ||
| 008 | 070907s1983 sp ||| g ||||||||1|nspa d | ||
| 100 | 1 |
_aCastillo-Puche, José Luis, _d1919-2004 _936763 |
|
| 245 | 1 | 0 |
_aPatetismo y nostalgia en la muerte de Juan Ramón Jiménez, en Puerto Rico, hace 25 años _h[Grabación sonora] / _cintervienen José Luis Castillo-Puche y José Gerardo Manrique de Lara. |
| 260 |
_aMadrid : _bAteneo de Madrid, _c1983. |
||
| 300 |
_a2 discos (CD-DA) (1 h. 28 min. 8 seg.) ; _c12 cm. |
||
| 490 | 1 | _aSeminario de Cultura Puertorriqueña | |
| 500 | _aDatos basados en la invitación. | ||
| 518 | _aActo organizado por la Casa de Puerto Rico en España, el Ministerio de Cultura y el Ateneo Madrid en el salón de actos el viernes, 24 de junio de 1983, a las 20:00 h. | ||
| 600 | 1 | 4 |
_aJiménez, Juan Ramón, _d1881-1958- _vHomenajes _966423 |
| 610 | 2 | 4 |
_aAteneo de Madrid- _xActos culturales- _y1983- _vGrabaciones sonoras. _91897 |
| 700 | 1 |
_aManrique de Lara, José Gerardo, _d1922-2001 _976104 |
|
| 710 | 2 |
_aAteneo de Madrid. _91875 |
|
| 710 | 2 |
_aCasa de Puerto Rico (España) _92474 |
|
| 710 | 1 |
_aEspaña. _bMinisterio de Cultura _93850 |
|
| 830 | 0 |
_aSeminario de Cultura Puertorriqueña _9176697 |
|
| 852 |
_aES-MaACL _jROT 5/6/39 _95126 _cROT |
||
| 852 |
_aES-MaACL _jROT 5/6/40 _9203630 _cROT |
||
| 942 | _2udc | ||
| 999 |
_c5009 _d5009 |
||